000 00717nam a2200217 a 4500
999 _c4528
_d4528
001 4528
003 BD-JhCC
005 20171128115733.0
008 171128s1971 bg |||| ||a| 000 0 ben d
035 _a(BD-JhCC)4528
040 _aBD-JhCC
_dBD-JhCC
041 _aben
082 _a954.92
_bBAN 1971
100 _aবন্দোপাধ্যায়, রাখালদাস
245 _aবাঙ্গালার ইতিহাস /
_cরাখালদাস বন্দোপাধ্যায়
260 _aকলিকাতা :
_bনবভারত পাবলিশার্স,
_c1971.
300 _a190 p. :
_c22 cm
650 _aHistory of Bengladesh
942 _2ddc
_cBK